Research hotspots and development trends in the rubber industry wastewater treatment: A quantitative analysis of literature (Record no. 75132)

MARC details
000 -LEADER
fixed length control field 02429nam a22002537a 4500
100 ## - MAIN ENTRY--AUTHOR NAME
Personal name Ullah, I
245 ## - TITLE STATEMENT
Title Research hotspots and development trends in the rubber industry wastewater treatment: A quantitative analysis of literature
260 ## - PUBLICATION, DISTRIBUTION, ETC. (IMPRINT)
Name of publisher Journal of Rubber Research, 26(3): 249-260.
Year of publication 2023
300 ## - PHYSICAL DESCRIPTION
Other physical details August
520 ## - SUMMARY, ETC.
Summary, etc Waste management and water scarcity are two unprecedented challenges to humanity. In recent years, steady growth has been observed in the development of different technologies for the treatment of industrial wastewater. However, conducting a quantitative analysis of literature published on rubber wastewater treatment is still a novelty. In this study, bibliometric and content analysis techniques are used to analyse literature related to rubber wastewater, published during the last 5 decades to unearth research trends in this field. For this, the Web of Science database was used to extract 462 relevant records. The parameters analysed in this analysis are annual publication output, publication patterns, leading countries and leading organisations. Furthermore, to map the research trends of the field, content analysis was also performed and the most frequent keywords, as well as research fronts of the field, were highlighted. Results show that about 48% of the literature was published during the last 5 years. Water Science & Technology and Bioresource Technology were spotted as the most famous journals. Furthermore, conducting kinetic studies and using silver nanoparticles, due to their exceptional antimicrobial properties, to enhance overall wastewater treatment performance are found research fronts in this field. The use of membranes to treat rubber wastewater has emerged as a promising option. However, some key challenges such as high installation and maintenance cost, membrane fouling and low membrane efficacy still need to be resolved. Furthermore, mathematical modeling and simulation of membrane technologies require further attention from the research community.
650 ## - SUBJECT ADDED ENTRY--TOPICAL TERM
Topical Term Rubber industry
650 ## - SUBJECT ADDED ENTRY--TOPICAL TERM
Topical Term Rubber effluents
650 ## - SUBJECT ADDED ENTRY--TOPICAL TERM
Topical Term Wastewater treatment
650 ## - SUBJECT ADDED ENTRY--TOPICAL TERM
Topical Term Bibliometrics
650 ## - SUBJECT ADDED ENTRY--TOPICAL TERM
Topical Term Research trends
650 ## - SUBJECT ADDED ENTRY--TOPICAL TERM
Topical Term Membranes
650 ## - SUBJECT ADDED ENTRY--TOPICAL TERM
Topical Term Separation technologies
700 ## - ADDED ENTRY--PERSONAL NAME
Personal name Zaidi, A.A
700 ## - ADDED ENTRY--PERSONAL NAME
Personal name Kumar, M
700 ## - ADDED ENTRY--PERSONAL NAME
Personal name Rasool, U
700 ## - ADDED ENTRY--PERSONAL NAME
Personal name Kim, B
856 ## - ELECTRONIC LOCATION AND ACCESS
Uniform Resource Identifier https://doi.org/10.1007/s42464-022-00167-2
942 ## - ADDED ENTRY ELEMENTS (KOHA)
Koha item type Journals
Holdings
Withdrawn status Lost status Damaged status Not for loan Home library Current library Date acquired Koha item type
        RRII Library RRII Library 07/12/2023 Journals